| 000 | 02145nam a2200385 c 4500 | ||
|---|---|---|---|
| 999 |
_c18610 _d18610 |
||
| 003 | BLK | ||
| 005 | 20241025005437.0 | ||
| 008 | 180413b bul|||||r ||||||| ||bul|| | ||
| 010 | _aKNG00020675000 | ||
| 020 | _a9789540903712 | ||
| 040 | _aBLK | ||
| 041 |
_aBUL _cBUL |
||
| 080 |
_aБългарска литература _b821.163.2 _x(081.1) _z821.163.2(081.1) |
||
| 080 |
_aБългарска литература _b821.163.2 _x-8 _z821.163.2-8 |
||
| 100 |
_aЙовков, Йордан Стефанов _d1880-1937 _gПисател класик - белетрист, драматург, майстор на късия разказ _9363298 |
||
| 139 |
_aЙовков, Йордан Стефанов _bИ 77 |
||
| 245 | 1 | 0 |
_aСъчинения _bВ 6 т. _cЙордан Стефанов Йовков. _nТ. 6 _pПриключенията на Гороломов |
| 257 | _aBGR | ||
| 260 |
_aСофия _bЗахарий Стоянов _c2009 - _fСофия : Унив. изд. Св. Климент Охридски _9209473 |
||
| 300 | _c22 см | ||
| 380 | _aX | ||
| 653 | _aстатии | ||
| 653 | _aписма | ||
| 653 | _aразкази | ||
| 653 | _aбележки | ||
| 659 | _aН | ||
| 760 | 1 |
_aЙовков, Йордан Стефанов _dСофия, 2010 _h518 с. _nДуми за Йордан Йовков / Симеон Султанов, Панко Анчев, Валери Стефанов, Тончо Жечев, Свилен Каролев, Милослава Стойкова ; Азбучник на геогр. имена. - Показалец на загл., включени в т. 1-4. - Съдържа: Приключенията на Гороломов ; Статии и бележки ; Писма ; Ранни разкази : Невключени от писателя в книгите му. _tТ. 6 Приключенията на Гороломов |
|
| 852 | _aЦб 248664 | ||
| 856 | 4 |
_qpdf _u |
|
| 856 | 4 |
_qpdf _u |
|
| 942 |
_cKNG _n0 _010 _s1 |
||
| 944 |
_aCR _c24.03.2011 _lCRON CRON _k |
||
| 944 |
_aED _c25.10.2017 _lф / _kЛюдмила_Стоянова |
||
| 999 | _d18610 | ||